000 01484cam a22003617a 4500
003 CHAP
005 20250627133111.0
008 020125d2001 mx abd r 00110 spa d
010 _a85224
011 _a86196
035 _a96734
040 _cCHAP
090 _aTesis
100 1 0 _aPérez Ramírez, Jacqueline
_989952
245 1 0 _aEstudio de factibilidad técnico-económico para la adición de una linea de producción de cubos de manzana en dos agroindustrias manzaneras ubicadas en Cd. Cuauhtémoc, Chihuahua
_c/por Jacqueline Pérez Ramírez y Alejandro Ramírez Durán
260 _aChapingo, Méx. :
_bEl autor,
_c2001.
300 _a89 h. :
_bilus. ; gráfs. ; mapa ; tablas ; diagramas ; organigramas
502 _aTesis (Ing. Agroindustrial) -- UACH. Departamento de Ingeniería Agroindustrial
590 _aALEPH
_b10
_c20130110
_lUCH01
_h1445
590 _aBATCH-UPD
_b10
_c20130110
_lUCH01
_h0445
590 _aBATCH-UPD
_b10
_c20130410
_lUCH01
_h0122
590 _aBATCH-UPD
_b10
_c20130914
_lUCH01
_h1328
590 _aCONVERSION
_b10
_c20130109
_lUCH01
_h1347
650 1 4 _aEstudios de factibilidad.
_938520
650 1 4 _aManzana
_xChihuahua.
_970746
650 1 4 _aManzana
_xIndustria.
_970776
700 1 _aRamírez Durán, Alejandro
_993971
901 _aBK
905 _aMarco A. Mendoza T.
942 _cFOLL
949 _aTesis
_bBC
_cTES
_d33724000860565
_eTS2
_fc.2
_gDonaciØn
_h38998
_i96734
_sb
949 _aTesis
_bBC
_cTES
_d967341
_eTS1
_gDonaciØn
_h38997
_i96734
_sb
999 _c85224
_d85224